00425nam a22001457a 450000500170000000800410001702000180005804000130007608200170008910000140010624500890012026000390020930000110024865000200025920200928103151.0200928b ||||| |||| 00| 0 eng d a9789696401629 cPK-LaUMT a297.4bHEL-S aHelwa, A. aSecrets of divine love :ba spiritual journey into the heart of Islam /cby A. Helwa aLahore :bILQA Publications,c2020 a346 p. aPillar of Islam